| 000 | 01036nam a2200277 i 4500 | ||
|---|---|---|---|
| 003 | DO-SdBNP | ||
| 005 | 20231122121935.0 | ||
| 006 | a||||dr|||| 00| 0 | ||
| 007 | ta | ||
| 008 | 231122t2002 dr aoc|| |||| 00| 0 spa d | ||
| 040 |
_aDO-SdBNP _bspa _cBNPHU _erda |
||
| 082 | 4 |
_222 _bG152e |
|
| 245 | 1 | 0 |
_aElectricidad: _beducación Media. _cTeresa de Jesús Galeano; ilustraciones, Ruddy Núñez, editor, Claudia Libre. |
| 264 | 4 |
_aSanto Domingo : _bSantillana, _c2002 |
|
| 300 |
_a95 páginas : _bIlustraciones, fotografías, retratos ; _c27 cm. |
||
| 336 |
_2rdacontent _atexto _btxt |
||
| 337 |
_2rdamedia _asin mediación _bn |
||
| 338 |
_2rdacarrier _avolumen _bnc |
||
| 490 | _aUmbral | ||
| 500 | _a2do. curso / Primer ciclo | ||
| 505 |
_av.2 _tNociones de electricidad.-- Magnitudes eléctricas.-- Instrumentos de medidas eléctricas.-- Trabajo, energía y potencia eléctrica. |
||
| 590 | _aInventariado 2023 / MF | ||
| 700 |
_aNúñez, Ruddy, _923171 _eilustrador |
||
| 700 | 1 |
_aLibre, Claudia _eeditor _930469 |
|
| 942 |
_2ddc _cLBS1 |
||
| 999 |
_c55556 _d55556 |
||